000 00258nam a22001097a 4500
008 170113b xxu||||| |||| 00| 0 eng d
020 _a9780779699612
041 _aeng
080 _23RD
_a618.2
245 _aFUNDAMENTALS OF NURSING
_cKERR, J.C
942 _2udc
_cBK
999 _c2887
_d2887